| 000 | 00455nam a2200181Ia 4500 | ||
|---|---|---|---|
| 003 | LK-CoDNM | ||
| 008 | 010623t1997 xxu||||| |||| 00| 1 sin d | ||
| 040 |
_aLK-CoDNM _dLK-CoDNM _eLK-CoDNM |
||
| 041 | _asin | ||
| 080 | _ax 82-12 MAN | ||
| 100 | _aManorathna, Jayalath | ||
| 245 | _aගුරු තරුව | ||
| 246 | _aGuru tharuva | ||
| 260 |
_bS.Godage _aColombo _c1997 |
||
| 300 | _b(x)90, 22 cm | ||
| 650 | _aDramatic Criticism | ||
| 942 | _cBK | ||
| 999 |
_c118223 _d118223 |
||